Statystyki dla 1 liga sezon 2015/2016

Kliknij tutaj aby rozwiązać quiz!

Ogólne statystyki

  • Ten quiz został rozwiązany 54 razy
  • Średni wynik to 9 z 18

Statystyki odpowiedzi

miejscepktOdpowiedź% Poprawnych
169Arka Gdynia
74%
452GKS Katowice
72%
751Miedź Legnica
68%
352Zagłebie Sosnowiec
64%
651Chrobry Głogów
58%
947Sandecja
58%
1638GKS Bełchatów
56%
1144Stomil Olsztyn
56%
263Wisła Płock
56%
1045Wigry Suwałki
52%
1243Chojniczanka
50%
552Zawisza Bydgoszcz
50%
1441Pogoń Siedlce
36%
848Bytovia
30%
1830Dolcan Ząbki
30%
1541MKS Kluczbork
28%
1342Olimpia Grudziądz
24%
1735Rozwój Katowice
20%

Rozkład punktacji

Percentyl według liczby udzielonych odpowiedzi

Procent ludzi z każdym wynikiem

Twoja historia wyników

Nie rozwiązałeś tego quizu